Нормален изглед
MARC изглед
- Балкански страни
Вход 05. Топологично име
001 - Контролен номер на записа
- Контролно поле: 178568
003 - Код на организацията, даваща контролен номер
- Контролно поле: BLK
005 - Дата и час на последна промяна на записа
- Контролно поле: 20230725155834.0
008 - Данни с фиксирана дължина – обща информация
- Данни с фиксирана дължина : 180403de|aczanaaad || aaa d
151 ## - ГЕОГРАФСКА ПРЕДМЕТНА РУБРИКА
- Топоним: Балкански страни
942 ## - Системна служебна употреба
- Koha auth type: GEOGR_NAME